| 000 | 01097cam a22003015a 4500 | ||
|---|---|---|---|
| 999 |
_c24117 _d24089 |
||
| 001 | 14671966 | ||
| 005 | 20190314123228.0 | ||
| 008 | 061215r20112006enka frb 001 0 eng d | ||
| 020 | _a9780198526629 | ||
| 040 |
_aUKM _beng _cUKM _dBAKER _dNLGGC _dBWKUK _dIXA _dYDXCP _dDLC _dEG-ScBUE _dEG-ScBUE |
||
| 082 | 0 | 4 |
_a362.1015195 _bBRI _222 |
| 100 | 1 | _aBriggs, Andrew H. | |
| 245 | 1 | 0 |
_aDecision modelling for health economic evaluation / _cAndrew Briggs, Karl Claxton, Mark Sculpher. |
| 250 | _aReprint ed. | ||
| 260 |
_aOxford : _bOxford University Press, _c2011. |
||
| 300 |
_ax, 237 p. : _bill. ; _c24 cm. |
||
| 490 | 0 | _aOxford handbooks in health economic evaluation | |
| 500 | _aReprinted of the 2006 edition. | ||
| 504 | _aIncludes bibliographical references and index. | ||
| 650 | 7 |
_aHealth services administration _xDecision making _xEconometric models. _2BUEsh |
|
| 650 | 7 |
_aMedical economics _xEconometric models. _2BUEsh |
|
| 651 | _2BUEsh | ||
| 653 |
_bPPhrm _cFebruary2017 _cMarch2019 |
||
| 655 | _vText book | ||
| 700 | 1 | _aClaxton, Karl. | |
| 700 | 1 | _aSculpher, Mark J. | |
| 942 | _2ddc | ||